000 00794nam a2200217 i 4500
001 114516
003 ES-MaACL
007 t|
008 070307s1931 fr ||||1| fre d
100 1 _aGilbert de Voisins, Auguste.
_956923
245 1 0 _aFrançois de Curel
_b: fauteuil XII /
_cpar Gilbert de Voisins, suivi de Pages inédites [de François de Curel] et de L'histoire du XIIe fauteuil [par Jacques des Gachons].
260 _aParis :
_bFélix Alcan,
_c1931.
300 _a104 p. ;
_c19 cm.
490 1 _aLes Quarante ;
_vfauteuil 12
600 1 4 _aCurel, François de.
_942204
610 0 4 _aAcadémie française-
_vHistoria
_91234
700 1 _aDes Gachons, Jacques.
_943811
830 0 _aLes Quarante ;
_vfauteuil 12
_9184582
852 _aES-MaACL
_jC-6874
999 _c114516
_d114516